| 000 | 01217cam a22001814a 4500 | ||
|---|---|---|---|
| 005 | 20250605164355.0 | ||
| 008 | 250528s ||||||||||||||||||||||||d | ||
| 035 | _a24311 | ||
| 040 |
_aGR-AtMCL _bgre _dGR-AtMCL _eAACR2 |
||
| 245 | 1 | _aΟρίζοντας 2020 για την Ευρωπαϊκή Έρευνα και Καινοτομία / Νέες Προκηρύξεις και Εργαλεία - Η Ελληνική Συμμετοχή | |
| 260 |
_bΚαινοτομία Έρευνα Και Τεχνολογία, _c2015 |
||
| 300 | _a32 | ||
| 520 | _aΔείκτες Έρευνας και Ανάπτυξης για Δαπάνες και Προσωπικό για το 2014, ΜΗΤΙΔΑ: Νέα Ψηφιακή Συνεργατική Πλατφόρμα για Εκπαιδευτικούς από το ΕΚΤ, Ελληνικό Δίκτυο Ορολογίας για την Ελληνική Γλώσσα και Μετάφραση, Τα Συμπεράσματα της Διακυβερνητικής Συνάντησης του ΟΟΣΑ για Επιστήμη και Τεχνολογία και Καινοτομία. | ||
| 700 | 1 |
_aΣαχίνη Εύη _99352 |
|
| 942 | _cCR | ||
| 999 |
_c9200 _d9200 |
||